00557nam a2200157Ia 4500003000900000008004100009040001600050100002000066245012700086260005300213300001000266700002200276942000700298999001700305952007700322IN-BaIIA211028s9999 xx 000 0 eng d cIIA Library aLt. Ward937427 0aGeographical and statistical memoir of the survey of the Travancore and Cochin Statesbvol. 6cLieutenants Ward and Conner aMadrasbSuperintendent Government Printingc1863 a143p. aLt. Conner937428 cBK c19574d19574 00104070aBANbBANcGENd0000-00-00l0p50r2021-11-05w0000-00-00yBK